000 00516cam a22001457a 4500
008 180718b-- xxu||||| |||| 00| 0 eng d
082 _aT15x54 H816
100 _aIndia. Ministry of Statistics and Programme Implementation. National Sample Survey Organisation
245 _aHousehold consumption of various goods and services in India
260 _aNew Delhi
_bThe author
_c--
500 _aLibrary has 2004/05, 2009/10
650 _aHouseholds
650 _aHousehold surveys - India
650 _aConsumption - India
999 _c492889
_d492889